000 01000nmm a2200289 a 4500
001 ocm000906607
003 TR-IsHL
005 20201028145008.0
008 141121s2012 tu tur
007 cr cn
020 _a9789758915545
035 _a906607
_b(N$T)
050 0 4 _aPQ3979.3.I74
_bJ36819 2012
090 0 4 _aPQ3979.3.I74
_bJ36819 2012
100 1 _aGiséle
_q(Giséle Durero Köseoğlu)
245 1 0 _aJanus İstanbul'da
_h[electronic resource] /
_cGiséle (Giséle Durero Köseoğlu) ; Fransızca aslından çeviren Nil Çayan ; besteler Erol Köseoğlu
260 _aİstanbul :
_bGiTa Yayınları,
_c2012
300 _a129 p.
650 4 _aDil ve Edebiyat
650 4 _aLanguage and Literature
650 0 _aMüzikal
650 0 _aMusical theater
650 7 _aMUSIC / Genres & Styles / Musicals
_2bisacsh
700 1 _aÇayan, Nil
700 1 _aKöseoğlu, Erol
856 4 0 _uhttp://search.ebscohost.com/login.aspx?direct=true&scope=site&db=e011xww&AN=906607
999 _c9725
_d9725